| 000 | 00382nam a2200133Ia 4500 | ||
|---|---|---|---|
| 999 |
_c10151 _d10151 |
||
| 020 | _a9789211514445 | ||
| 082 | _a363.9 UNI-W | ||
| 245 | 0 | _aWorld Population Policies 2007 | |
| 260 |
_aNew York _bthe author _c2008 |
||
| 300 | _axiii, 481 | ||
| 650 | _aPopulation Policy | ||
| 710 | _aUnited Nations. Department of Economic and Social Affaris, Population Division | ||
| 942 |
_cBK _2ddc |
||